Знаменитые люди по имени Мария - Statistics

General Stats
  • This quiz has been taken 117 times
    67 since last reset
  • The average score is 6 of 18
Answer Stats
Подсказка Ответ % Correct
Физик и химик, дважды лауреат Нобелевской премии и автором термина «радиоактивность» Мария {Склодовская-Кюри}
77%
Теннисистка, победительница пяти турниров Большого шлема в одиночном разряде Мария {Шарапова}
69%
Королева Франции, осуждена Конвентом и казнена на гильотине Мария-{Антуанетта}
67%
Официальный представитель Министерства иностранных дел Российской Федерации Мария {Захарова}
50%
Императрица, супруга Александра III, мать императора Николая II Мария {Фёдоровна}
50%
Скульптор, основательница музея восковых фигур мадам Тюссо в Лондоне Мария {Тюссо}
44%
Последовательница Иисуса Христа, присутствовала при Его Распятии и была первым человеком, удостоившимся явления Воскресшего Иисуса Мария {Магдалина}
42%
Королева Шотландии Мария {Стюарт}
33%
Одна из величайших оперных певиц XX века Мария {Каллас}
29%
Телеведущая и синхронистка, трёхкратная чемпионка Олимпийских игр, трёхкратная чемпионка мира, девятикратная чемпионка Европы Мария {Киселёва}
25%
Актриса, снявшаяся в фильмах «Американская дочь» и «Похороните меня за плинтусом» Мария {Шукшина}
23%
Педагог, наиболее известна своей уникальной педагогической системой, основанной на идее свободного воспитания Мария {Монтессори}
23%
Императрица, супруга императора Александра II и мать императора Александра III Мария {Александровна}
17%
Королева Франции Мария {Медичи}
15%
Журналистка и публицист, бывшая жена актёра Арнольда Шварценеггера Мария {Шрайвер}
8%
Актриса, снявшаяся в фильмах «Собибор» и «Свадьба по обмену» Мария {Кожевникова}
8%
Актриса, снявшаяся в фильмах «Француз» и «Афера» Мария {Голубкина}
6%
Эрцгерцогиня Австрии, королева Венгрии и Богемии Мария {Терезия}
6%
No matching quizzes found
Score Distribution
Percent of People with Each Score
Percentile by Number Answered
Your Score History
You have not taken this quiz since the last reset